[Event "Open de la Loire 2012-2013"]
[Site "Loire"]
[Date "2013.01.19"]
[Round "5.11"]
[White "Boeuf, Jeremy"]
[Black "Mialon, Franck"]
[Result "1-0"]
[WhiteElo "1601"]
[BlackElo "1390"]
[PlyCount "43"]
[EventDate "2013.??.??"]

1. e4 e5 2. Bc4 Bc5 3. f4 exf4 4. Nf3 d5 5. Bxd5 Bg4 6. Bxf7+ Kf8 7. Bxg8 Bxf3
8. Qxf3 Kxg8 9. d3 Qh4+ 10. Ke2 Nc6 11. c3 b5 12. Bxf4 a5 13. e5 b4 14. g3 bxc3
15. bxc3 Qh3 16. Qxc6 Bb6 17. Qxa8+ Kf7 18. Qd5+ Kf8 19. Nd2 Ke7 20. Bg5+ Ke8
21. e6 Qg4+ 22. Nf3 1-0

[Event "Open de la Loire 2012-2013"]
[Site "Loire"]
[Date "2013.01.19"]
[Round "5.12"]
[White "Philip, Sylvain"]
[Black "Ben Habchi, Nordine"]
[Result "1-0"]
[WhiteElo "1560"]
[BlackElo "1430"]
[PlyCount "43"]
[EventDate "2013.??.??"]

1. e4 b6 2. d4 Bb7 3. Nc3 e6 4. Nf3 c5 5. d5 exd5 6. exd5 d6 7. Bb5+ Nd7 8. O-O
Ngf6 9. Re1+ Be7 10. Qe2 a6 11. Bc6 Bxc6 12. dxc6 Ne5 13. Nxe5 dxe5 14. Qxe5
Ra7 15. Bf4 O-O 16. c7 Qc8 17. Qxe7 Re8 18. Qd6 h6 19. Rxe8+ Nxe8 20. Qd8 Qe6
21. c8=Q Qg6 22. Qxe8+ 1-0

[Event "Open de la Loire 2012-2013"]
[Site "Loire"]
[Date "2013.01.19"]
[Round "5.13"]
[White "Martin, Julien"]
[Black "Boeuf, Jean-Julien"]
[Result "0-1"]
[WhiteElo "1420"]
[BlackElo "1540"]
[PlyCount "69"]
[EventDate "2013.??.??"]

1. e4 Nf6 2. Nc3 d5 3. d3 dxe4 4. Bg5 Bg4 5. Be2 Bxe2 6. Ngxe2 exd3 7. cxd3 Nd5
8. O-O h6 9. Be3 e6 10. Qb3 Nb6 11. d4 Nc6 12. a3 Be7 13. Rad1 Na5 14. Qb5+ Nc6
15. d5 a6 16. Qb3 Na5 17. Qa2 Qc8 18. Rc1 O-O 19. Nb1 Nxd5 20. b4 Nc6 21. Ng3
Bf6 22. Qc2 Nce7 23. Nh5 Be5 24. Qe4 Ba1 25. Nd2 Bb2 26. Rc2 Bxa3 27. Nf3 Nxe3
28. fxe3 Nd5 29. Qd4 f6 30. Nh4 Bxb4 31. e4 c5 32. Qd1 Ne3 33. Qe2 Nxf1 34.
Qxf1 Qe8 35. Nf4 0-1

[Event "Open de la Loire 2012-2013"]
[Site "Loire"]
[Date "2013.01.19"]
[Round "5.14"]
[White "Bacyk, Bruno"]
[Black "Barrandon, Georges"]
[Result "1-0"]
[WhiteElo "1499"]
[BlackElo "1380"]
[PlyCount "70"]
[EventDate "2013.??.??"]

1. c4 Nf6 2. g3 c6 3. Bg2 g6 4. Nc3 Bg7 5. e4 d6 6. Nf3 O-O 7. O-O Nbd7 8. d4
Nb6 9. Qe2 Be6 10. b3 Qc7 11. Rd1 c5 12. Bb2 cxd4 13. Nxd4 Bd7 14. Rac1 a6 15.
Nd5 Nbxd5 16. exd5 Rfe8 17. Qd2 Qb6 18. h3 Rac8 19. Ne2 Qc7 20. Bd4 Qb8 21. Bb6
e6 22. dxe6 Rxe6 23. Nf4 Re7 24. Qxd6 Qxd6 25. Rxd6 Bc6 26. Rcd1 Bxg2 27. Kxg2
Ne4 28. Rd7 Ree8 29. Nd5 Kh8 30. Rxb7 Rc6 31. Ba5 Nd6 32. Bb4 Be5 33. Rd7 Kg7
34. Ne7 Nf5 35. Nxc6 Re6 1-0

[Event "Open de la Loire 2012-2013"]
[Site "Loire"]
[Date "2013.01.19"]
[Round "5.15"]
[White "Rogues, Jean-Luc"]
[Black "Schuhmann, Alain"]
[Result "1-0"]
[WhiteElo "1410"]
[BlackElo "1640"]
[PlyCount "99"]
[EventDate "2013.??.??"]

1. d4 d5 2. c4 Nf6 3. Nc3 Nc6 4. Bf4 e6 5. e3 Bb4 6. Qc2 O-O 7. Bd3 g6 8. Nge2
Re8 9. a3 Bd6 10. Bxd6 Qxd6 11. c5 Qd8 12. O-O e5 13. dxe5 Rxe5 14. b4 Rg5 15.
Rfe1 Ng4 16. Ng3 Qf6 17. f4 Nxe3 18. Rxe3 Qxf4 19. Rf3 Qd4+ 20. Kf1 Ne5 21.
Nge2 Qg4 22. Rg3 Qh4 23. Rxg5 Qxg5 24. Nxd5 Nxd3 25. Qxd3 Bf5 26. Qe3 Qxe3 27.
Nxe3 Re8 28. Nxf5 Rxe2 29. Nd4 Re7 30. Kf2 Re4 31. Nf3 Kg7 32. Re1 Rc4 33. Re3
Rc1 34. Ke2 Rc2+ 35. Nd2 Rc1 36. Re7 Ra1 37. Rxc7 Rxa3 38. Rxb7 a5 39. bxa5
Rxa5 40. c6 Rc5 41. Rc7 Rc2 42. Kd3 Rc1 43. Nc4 Kf6 44. Rb7 Rd1+ 45. Ke2 Rd8
46. c7 Re8+ 47. Kf2 Ke6 48. Nb6 Kd6 49. c8=Q Re7 50. Qd8+ 1-0

[Event "Open de la Loire 2012-2013"]
[Site "Loire"]
[Date "2013.01.19"]
[Round "5.16"]
[White "Allabrune, Guillaume"]
[Black "Desassis, Jean-Francois"]
[Result "1/2-1/2"]
[WhiteElo "1480"]
[BlackElo "1640"]
[PlyCount "42"]
[EventDate "2013.??.??"]

1. e4 c5 2. Nf3 d6 3. Bc4 Nf6 4. Nc3 g6 5. e5 dxe5 6. Nxe5 e6 7. d3 Bg7 8. Bg5
O-O 9. Qf3 Nbd7 10. Nxd7 Bxd7 11. O-O Bc6 12. Qf4 Qd4 13. Rfe1 Ng4 14. Ne4 h5
15. c3 Qe5 16. h3 Qxf4 17. Bxf4 Ne5 18. Nxc5 Nxc4 19. dxc4 Rad8 20. Rad1 b6 21.
Nd3 Ba4 1/2-1/2

[Event "Open de la Loire 2012-2013"]
[Site "Loire"]
[Date "2013.01.19"]
[Round "5.18"]
[White "Grischy, Quentin"]
[Black "Ferreira, Antoine"]
[Result "1-0"]
[WhiteElo "1340"]
[BlackElo "1099"]
[PlyCount "47"]
[EventDate "2013.??.??"]

1. d4 d5 2. c4 Nf6 3. c5 c6 4. Nc3 e6 5. Nf3 Ne4 6. Bd2 b6 7. cxb6 Qxb6 8. Na4
Qa6 9. e3 Qb7 10. Ne5 Bb4 11. Bxb4 Qxb4+ 12. Ke2 Ba6+ 13. Kf3 f6 14. Bxa6 Nxa6
15. Nxc6 Qc4 16. Rc1 Ng5+ 17. Kf4 Qxc6 18. Rxc6 O-O 19. h4 e5+ 20. Kg3 Nb4 21.
hxg5 fxg5 22. Qh5 h6 23. Rxh6 Rf6 24. Rh8# 1-0

[Event "Open de la Loire 2012-2013"]
[Site "Loire"]
[Date "2013.01.19"]
[Round "5.19"]
[White "Niceto, Pierrick"]
[Black "Sabatier, Baptiste"]
[Result "1-0"]
[WhiteElo "1160"]
[BlackElo "1010"]
[PlyCount "23"]
[EventDate "2013.??.??"]

1. e4 e5 2. Nf3 Nc6 3. Bc4 Nf6 4. Nc3 Bc5 5. d3 O-O 6. Nd5 d6 7. Ng5 Qd7 8.
Nxf6+ gxf6 9. Nh3 Nd4 10. Bh6 Qa4 11. Qg4+ Kh8 12. Qg7# 1-0

[Event "Open de la Loire 2012-2013"]
[Site "Loire"]
[Date "2013.01.19"]
[Round "5.20"]
[White "Choquelle, Jean"]
[Black "Legendre, Julien"]
[Result "0-1"]
[WhiteElo "1180"]
[BlackElo "1499"]
[PlyCount "84"]
[EventDate "2013.??.??"]

1. c4 e6 2. Nc3 Nf6 3. Nf3 d5 4. cxd5 Nxd5 5. g3 Bd6 6. Bg2 Nc6 7. O-O O-O 8.
d4 e5 9. Bg5 Nxc3 10. bxc3 f6 11. Be3 Be6 12. a3 Bf5 13. Nd2 Qd7 14. d5 Ne7 15.
c4 c6 16. Nb3 b6 17. c5 bxc5 18. Nxc5 Bxc5 19. Bxc5 Rfe8 20. e4 Bg4 21. Qd3
Rad8 22. d6 Nc8 23. Qb3+ Kh8 24. Rae1 Nxd6 25. f3 Be6 26. Qc2 Rb8 27. Be3 Nc4
28. Bg5 fxg5 29. Qf2 Nd2 30. Rd1 Rb2 31. Rfe1 Bb3 32. Rc1 Nxf3+ 33. Qxf3 g4 34.
Qe3 Rf8 35. Qc3 Rff2 36. Bf1 Rxh2 37. Qxe5 h5 38. Qf4 Qd4+ 39. Re3 Qd2 40. Qf8+
Bg8 41. Ree1 Rh1+ 42. Kxh1 Qh2# 0-1

[Event "Open de la Loire 2012-2013"]
[Site "Loire"]
[Date "2013.01.19"]
[Round "6.1"]
[White "Bastien, Daniel"]
[Black "Buisson, Sebastien"]
[Result "1/2-1/2"]
[WhiteElo "1760"]
[BlackElo "1680"]
[PlyCount "67"]
[EventDate "2013.??.??"]

1. c4 Nf6 2. Nc3 g6 3. Nf3 Bg7 4. g3 O-O 5. Bg2 d6 6. O-O e5 7. d3 c6 8. Bg5 h6
9. Bxf6 Qxf6 10. Nd2 Qe7 11. Rb1 Be6 12. a3 f5 13. Qc2 Na6 14. b4 Nc7 15. b5 d5
16. bxc6 bxc6 17. Rb7 Bc8 18. Rbb1 e4 19. cxd5 Nxd5 20. Nxd5 cxd5 21. dxe4 dxe4
22. Nxe4 fxe4 23. Bxe4 Bf5 24. Bd5+ Kh7 25. e4 Rac8 26. Qe2 Bh3 27. Rfd1 Qxa3
28. Qe3 Rc3 29. Qe1 Rc2 30. Rd2 Rxd2 31. Qxd2 Rd8 32. Qf4 Qd3 33. Re1 Rf8 34.
Qe3 1/2-1/2

[Event "Open de la Loire 2012-2013"]
[Site "Loire"]
[Date "2013.01.19"]
[Round "6.2"]
[White "Rann, Raphael"]
[Black "Campoy, Juan"]
[Result "1-0"]
[WhiteElo "1660"]
[BlackElo "1560"]
[PlyCount "55"]
[EventDate "2013.??.??"]

1. d4 d5 2. e3 e6 3. Bd3 Nc6 4. c3 Bd7 5. f4 Nf6 6. Nf3 Be7 7. O-O O-O 8. Nbd2
Ng4 9. Qe2 f5 10. Ne5 Nf6 11. Kh1 a6 12. Rg1 Nxe5 13. fxe5 Ne4 14. Nf1 Qe8 15.
Bd2 Bb5 16. Be1 c5 17. c4 dxc4 18. Bxc4 Bxc4 19. Qxc4 Qc6 20. Qe2 b5 21. Ng3 c4
22. Nxe4 Qxe4 23. Rf1 Bg5 24. Bd2 f4 25. Qg4 Qd5 26. Qxg5 c3 27. bxc3 Qc4 28.
exf4 1-0

[Event "Open de la Loire 2012-2013"]
[Site "Loire"]
[Date "2013.01.19"]
[Round "6.3"]
[White "Megnot, Philippe"]
[Black "Peyssonneaux, Norbert"]
[Result "1/2-1/2"]
[WhiteElo "1550"]
[BlackElo "1550"]
[PlyCount "46"]
[EventDate "2013.??.??"]

1. e4 e5 2. Nf3 Nc6 3. Bb5 a6 4. Bxc6 dxc6 5. d3 Bd6 6. Bg5 f6 7. Bh4 g5 8. Bg3
h5 9. h3 Be6 10. Nc3 Qd7 11. Qd2 Qg7 12. a3 O-O-O 13. O-O-O g4 14. hxg4 hxg4
15. Rxh8 Qxh8 16. Nh4 Qh7 17. Qe2 Ne7 18. d4 Qg7 19. d5 cxd5 20. Nxd5 Nxd5 21.
exd5 Bd7 22. Qe4 Qg5+ 23. Kb1 f5 1/2-1/2

[Event "Open de la Loire 2012-2013"]
[Site "Loire"]
[Date "2013.01.19"]
[Round "6.4"]
[White "Mazet, Christian"]
[Black "Rasle, Jean-Michel"]
[Result "0-1"]
[WhiteElo "1639"]
[BlackElo "1660"]
[PlyCount "104"]
[EventDate "2013.??.??"]

1. d4 Nf6 2. c4 g6 3. Nc3 d5 4. cxd5 Nxd5 5. e4 Nxc3 6. bxc3 Bg7 7. Bc4 O-O 8.
Be3 c5 9. Ne2 Nc6 10. O-O Qc7 11. Rc1 Rd8 12. Bf4 e5 13. Be3 cxd4 14. cxd4 Qe7
15. d5 b6 16. Qd2 Na5 17. f3 Nb7 18. Bf2 Nd6 19. Rc2 Bb7 20. Rfc1 Rac8 21. Be3
Rd7 22. Bb3 Rxc2 23. Rxc2 Rc7 24. Nc1 Ba6 25. Nd3 Bxd3 26. Qxd3 Kf8 27. Bd2 Ke8
28. Bc1 Qd7 29. Ba3 Bf8 30. Qd2 Nb5 31. Bxf8 Kxf8 32. Ba4 Rxc2 33. Qxc2 Nd4 34.
Qd1 Qd6 35. f4 Qc5 36. fxe5 Nf3+ 37. Kh1 Nxe5 38. Bb3 Ke7 39. h3 a5 40. Qe2 Qd4
41. Kh2 a4 42. Bc2 Qc4 43. Qf2 b5 44. Qa7+ Kf6 45. Qf2+ Kg7 46. Bd1 b4 47. Qf4
Qd4 48. Bxa4 Qb2 49. Bb3 Qd4 50. Qg3 Qxe4 51. d6 Qd4 52. d7 Nxd7 0-1

[Event "Open de la Loire 2012-2013"]
[Site "Loire"]
[Date "2013.01.19"]
[Round "6.5"]
[White "Boeuf, Jean-Julien"]
[Black "Joly, Christian"]
[Result "1-0"]
[WhiteElo "1540"]
[BlackElo "1640"]
[PlyCount "89"]
[EventDate "2013.??.??"]

1. Nf3 g6 2. c4 Bg7 3. g3 Nf6 4. Bg2 O-O 5. O-O d6 6. Nc3 c5 7. Rb1 Nc6 8. a3
a5 9. b3 Bd7 10. Bb2 Bf5 11. d3 Rb8 12. Nh4 Bd7 13. Nb5 Ne5 14. f4 Neg4 15. Qd2
Bxb5 16. cxb5 Qb6 17. a4 c4+ 18. d4 Bh6 19. e3 Nd7 20. bxc4 Rbc8 21. Rbc1 e5
22. Bh3 Ndf6 23. Qe1 exf4 24. gxf4 Nxe3 25. Qxe3 Rce8 26. Qd3 Re4 27. Ng2 Rfe8
28. Bc3 Nh5 29. Rce1 Rxe1 30. Rxe1 Rxe1+ 31. Bxe1 Nxf4 32. Nxf4 Bxf4 33. Qe4
Be5 34. Bf2 Bf6 35. Qe8+ Kg7 36. c5 Qc7 37. b6 Qe7 38. Qxe7 Bxe7 39. Bc8 dxc5
40. dxc5 Bf6 41. Bxb7 Be5 42. Bg3 Bd4+ 43. Kg2 Bxc5 44. Bc7 Kf8 45. Bc6 1-0

[Event "Open de la Loire 2012-2013"]
[Site "Loire"]
[Date "2013.01.19"]
[Round "6.6"]
[White "Piper, Stephane"]
[Black "Trottet, Francois"]
[Result "0-1"]
[WhiteElo "1636"]
[BlackElo "1470"]
[PlyCount "26"]
[EventDate "2013.??.??"]

1. f4 Nf6 2. b3 d5 3. Bb2 e6 4. Nf3 Nbd7 5. Ne5 Nxe5 6. fxe5 Ne4 7. d3 Qh4+ 8.
g3 Nxg3 9. Kd2 Nxh1 10. Bg2 Qg5+ 11. Kc3 Qxg2 12. Nd2 d4+ 13. Kc4 Qd5# 0-1

[Event "Open de la Loire 2012-2013"]
[Site "Loire"]
[Date "2013.01.19"]
[Round "6.7"]
[White "Boeuf, Jeremy"]
[Black "Liogier, Pascal"]
[Result "0-1"]
[WhiteElo "1601"]
[BlackElo "1630"]
[PlyCount "88"]
[EventDate "2013.??.??"]

1. e4 c6 2. d4 d5 3. e5 Bf5 4. Bd3 Bxd3 5. Qxd3 e6 6. Ne2 Nd7 7. O-O Ne7 8. Ng3
Qc7 9. Nd2 Ng6 10. f4 f5 11. Ne2 h5 12. Nf3 Be7 13. Bd2 Nh4 14. g3 Nxf3+ 15.
Qxf3 Nb6 16. b3 Qd8 17. Ba5 g5 18. c3 g4 19. Qg2 h4 20. c4 hxg3 21. c5 Rxh2 22.
Qxg3 Rxe2 23. cxb6 axb6 24. Bc3 Raxa2 25. Rxa2 Rxa2 26. b4 Bh4 27. Qd3 b5 28.
Qd1 Kd7 29. Qb1 Ra3 30. Qb2 Ra4 31. Ra1 Rxa1+ 32. Qxa1 Bg3 33. Qc1 Qh4 34. Qd2
Qh3 35. Bb2 Bh4 36. Bc1 Qg3+ 37. Kf1 Qf3+ 38. Kg1 g3 39. Qe3 Qf2+ 40. Qxf2
gxf2+ 41. Kf1 Bg3 42. Be3 b6 43. Kg2 Ke7 44. Kxg3 f1=Q 0-1

[Event "Open de la Loire 2012-2013"]
[Site "Loire"]
[Date "2013.01.19"]
[Round "6.8"]
[White "Rasle, Corentin"]
[Black "Philip, Sylvain"]
[Result "1-0"]
[WhiteElo "1630"]
[BlackElo "1560"]
[PlyCount "141"]
[EventDate "2013.??.??"]

1. d4 d5 2. c4 e6 3. Nc3 Nf6 4. Bg5 Be7 5. Nf3 Nbd7 6. e3 c6 7. Qc2 dxc4 8.
Bxc4 b5 9. Bd3 Bb7 10. O-O h6 11. Bxf6 Bxf6 12. a4 b4 13. Ne4 Be7 14. Rac1 O-O
15. Qb3 a5 16. Rfd1 Qb6 17. Bc4 c5 18. d5 Nf6 19. Nxf6+ Bxf6 20. dxe6 fxe6 21.
Bxe6+ Kh8 22. Bd5 Bxd5 23. Rxd5 Qe6 24. Rcxc5 Rad8 25. h3 Rxd5 26. Rxd5 Bxb2
27. Nd2 Bc3 28. Nf1 Be1 29. f3 Bh4 30. Qc4 Bd8 31. Qd3 Qb6 32. Nd2 Bg5 33. Nc4
Qf6 34. Rxa5 Qa1+ 35. Qf1 Qc3 36. Qe2 Rd8 37. Kf2 Rd3 38. f4 Bh4+ 39. g3 Bxg3+
40. Kxg3 Qxc4 41. Ra8+ Kh7 42. Rd8 Rc3 43. Qxc4 Rxc4 44. Rb8 b3 45. Rxb3 Rxa4
46. Kf3 Ra6 47. e4 Kg6 48. Kg4 Kf6 49. Rb5 g6 50. e5+ Ke6 51. Rb8 Ra1 52. Rb6+
Kf7 53. Rb7+ Ke6 54. Rh7 Rg1+ 55. Kf3 h5 56. Ra7 Kf5 57. Rf7+ Ke6 58. Rf6+ Kd5
59. Kf2 Ra1 60. Rxg6 h4 61. Kf3 Rf1+ 62. Kg4 Ke4 63. Rf6 Rg1+ 64. Kxh4 Rg8 65.
e6 Kd5 66. f5 Kd6 67. Rf7 Rg1 68. e7 Kd7 69. f6 Rg8 70. Rf8 Rg1 71. e8=Q+ 1-0

[Event "Open de la Loire 2012-2013"]
[Site "Loire"]
[Date "2013.01.19"]
[Round "6.9"]
[White "Fauvin, David"]
[Black "Acikgoz, Tuncay"]
[Result "0-1"]
[WhiteElo "1540"]
[BlackElo "1630"]
[PlyCount "30"]
[EventDate "2013.??.??"]

1. c4 c6 2. Nc3 Nf6 3. d4 d5 4. e3 Bf5 5. Nf3 Nbd7 6. Be2 Bg4 7. cxd5 Nxd5 8.
Nxd5 cxd5 9. Bb5 Qa5+ 10. Bd2 Qxb5 11. b3 e5 12. h3 Bh5 13. g4 Bg6 14. Rc1 Be4
15. Rg1 Bb4 0-1

[Event "Open de la Loire 2012-2013"]
[Site "Loire"]
[Date "2013.01.19"]
[Round "6.10"]
[White "Pradel, Philippe"]
[Black "Bacyk, Bruno"]
[Result "0-1"]
[WhiteElo "1570"]
[BlackElo "1499"]
[PlyCount "60"]
[EventDate "2013.??.??"]

1. e4 e6 2. d4 d5 3. Nd2 Nf6 4. e5 Nfd7 5. Bd3 c5 6. c3 Nc6 7. Ndf3 Qb6 8. Ne2
Be7 9. O-O O-O 10. a4 f6 11. exf6 Nxf6 12. Bf4 h6 13. Qc1 Ne4 14. Bxe4 dxe4 15.
Ne5 Nxe5 16. Bxe5 Bg5 17. Qc2 e3 18. f4 Bf6 19. Rae1 Bd7 20. Rd1 c4 21. Qe4
Bxa4 22. Qxe3 Bxd1 23. Rxd1 Rad8 24. Qg3 Qxb2 25. Qe1 Bxe5 26. fxe5 Qb6 27. Rb1
Qc6 28. Ng3 Rf4 29. Nh5 Rg4 30. Qe2 Qe4 0-1

[Event "Open de la Loire 2012-2013"]
[Site "Loire"]
[Date "2013.01.19"]
[Round "6.11"]
[White "Minchilli, Franco"]
[Black "Rogues, Jean-Luc"]
[Result "1-0"]
[WhiteElo "1620"]
[BlackElo "1410"]
[PlyCount "87"]
[EventDate "2013.??.??"]

1. e4 e6 2. Nf3 d5 3. exd5 exd5 4. d4 Be6 5. g3 Be7 6. Bg2 Nf6 7. O-O O-O 8.
Re1 Nc6 9. a3 Re8 10. Qd3 Qd7 11. c3 Bf5 12. Qb5 b6 13. Bf4 Bd6 14. Bxd6 Qxd6
15. Nbd2 a6 16. Rxe8+ Rxe8 17. Qxa6 Ne4 18. Re1 Kf8 19. Nf1 Na5 20. Qb5 Nc4 21.
Ng5 Bd7 22. Nxh7+ Kg8 23. Qb3 Kxh7 24. Bxe4+ f5 25. Bxf5+ g6 26. Rxe8 Bxe8 27.
Bh3 Qe7 28. Qc2 Qe4 29. Qc1 Qe2 30. b3 Na5 31. Qd2 Bb5 32. Qxe2 Bxe2 33. Nd2 c5
34. dxc5 bxc5 35. b4 cxb4 36. axb4 Nc6 37. Be6 Ne7 38. f3 Kg7 39. Kf2 Bb5 40.
c4 dxc4 41. Bxc4 Bc6 42. Bd3 Nd5 43. b5 Nb4 44. bxc6 1-0

[Event "Open de la Loire 2012-2013"]
[Site "Loire"]
[Date "2013.01.19"]
[Round "6.12"]
[White "Desassis, Jean-Francois"]
[Black "Martin, Julien"]
[Result "1-0"]
[WhiteElo "1640"]
[BlackElo "1420"]
[PlyCount "42"]
[EventDate "2013.??.??"]

1. c4 e5 2. d3 Nf6 3. Nf3 Nc6 4. Bg5 Be7 5. e4 d6 6. h3 Nd7 7. Bd2 Nc5 8. b4
Nxd3+ 9. Bxd3 Bf6 10. Nc3 Bd7 11. Rb1 a6 12. a4 Nd4 13. Be3 Nxf3+ 14. Qxf3 c6
15. a5 Bg5 16. Bb6 Qe7 17. O-O O-O 18. c5 dxc5 19. Bxc5 Qd8 20. Bxf8 Qxf8 21.
Na4 Rc8 1-0

[Event "Open de la Loire 2012-2013"]
[Site "Loire"]
[Date "2013.01.19"]
[Round "6.13"]
[White "Brachet, Gerard"]
[Black "Fournier, Gerald"]
[Result "0-1"]
[WhiteElo "1410"]
[BlackElo "1499"]
[PlyCount "72"]
[EventDate "2013.??.??"]

1. e4 e6 2. d4 d5 3. e5 c5 4. Nf3 Bd7 5. c4 cxd4 6. Qxd4 Nc6 7. Qf4 f5 8. Nc3
Bb4 9. Bd2 Nge7 10. a3 Ba5 11. Be2 Ng6 12. Qg3 a6 13. h4 Qc7 14. b4 Bb6 15. c5
Ba7 16. h5 Ngxe5 17. Qxg7 O-O-O 18. Qg5 d4 19. b5 dxc3 20. Bxc3 Bxc5 21. bxc6
Nxf3+ 22. gxf3 Rhg8 23. cxd7+ Kxd7 24. Rd1+ Kc8 25. Rxd8+ Rxd8 26. Bb4 Be3 27.
Qxe3 f4 28. Qxe6+ Kb8 29. Qc4 Qg7 30. Qxf4+ Ka8 31. Qc1 Kb8 32. Bc3 Qc7 33. f4
Ka8 34. O-O Rg8+ 35. Kh2 Qc6 36. f3 Qh6 0-1

[Event "Open de la Loire 2012-2013"]
[Site "Loire"]
[Date "2013.01.19"]
[Round "6.14"]
[White "Guichard, Thomas"]
[Black "Grischy, Quentin"]
[Result "1-0"]
[WhiteElo "1499"]
[BlackElo "1340"]
[PlyCount "23"]
[EventDate "2013.??.??"]

1. e4 c5 2. Nc3 d6 3. Nf3 Nc6 4. Bc4 h6 5. d3 e5 6. O-O Bg4 7. h3 Bh5 8. a3 Nd4
9. g4 Bg6 10. Nd5 Rb8 11. Nxd4 cxd4 12. Bb5+ 1-0

[Event "Open de la Loire 2012-2013"]
[Site "Loire"]
[Date "2013.01.19"]
[Round "6.15"]
[White "Barrandon, Georges"]
[Black "Thizy, Nicolas"]
[Result "1/2-1/2"]
[WhiteElo "1380"]
[BlackElo "1440"]
[PlyCount "169"]
[EventDate "2013.??.??"]

1. d4 d5 2. Nf3 Nf6 3. e3 Nc6 4. c4 Bf5 5. cxd5 Qxd5 6. Nc3 Qd6 7. h3 g6 8. Bc4
e6 9. a3 Bh6 10. Qd2 Ne4 11. Qe2 Nxc3 12. bxc3 Rd8 13. e4 Bxc1 14. Rxc1 Qxa3
15. O-O Bxh3 16. gxh3 O-O 17. Qa2 Qxa2 18. Bxa2 a5 19. Ra1 Ra8 20. Nd2 b5 21.
Nb3 b4 22. cxb4 Nxb4 23. Nc5 Rfd8 24. Rfd1 Nc2 25. Rac1 Nxd4 26. Kf1 a4 27. Rc4
Nf3 28. Rxd8+ Rxd8 29. Kg2 Ne5 30. Rxa4 Nc6 31. Bb3 Kg7 32. Ra1 Nd4 33. Bc4 e5
34. Rd1 c6 35. Rb1 Re8 36. Rb7 Kf6 37. Rxf7+ Kg5 38. Rxh7 Ra8 39. Ne6+ Kf6 40.
Nc5 Ra3 41. Rd7 Rc3 42. Rd6+ Ke7 43. Rd7+ Kf6 44. Rf7+ Kg5 45. Ne6+ Kh6 46. Bf1
Nxe6 47. Re7 Nf4+ 48. Kh2 Rf3 49. Rxe5 Rxf2+ 50. Kg1 Rd2 51. Rc5 Rd6 52. Kf2
Kg7 53. Kf3 Ne6 54. Re5 Kf6 55. Ra5 Ng5+ 56. Ke3 Re6 57. Bg2 Nf7 58. Rc5 Nd8
59. Bf3 Re5 60. Rc4 c5 61. Bg4 Nb7 62. Bd7 Nd6 63. Ra4 c4 64. Bc6 Rc5 65. Bd5
c3 66. Ra6 Ke5 67. Ra1 Nb5 68. Rc1 Nd4 69. Kd3 Nb5 70. Bc4 Nd6 71. Rxc3 Rxc4
72. Rxc4 Nxc4 73. Kxc4 Kxe4 74. h4 Kf5 75. Kd4 Kg4 76. Ke3 Kxh4 77. Kf3 Kh3 78.
Kf4 Kh4 79. Kf3 g5 80. Kg2 Kg4 81. Kh2 Kf3 82. Kh3 g4+ 83. Kh2 Ke3 84. Kg2 Kf4
85. Kg1 1/2-1/2

[Event "Open de la Loire 2012-2013"]
[Site "Loire"]
[Date "2013.01.19"]
[Round "6.16"]
[White "Ben Habchi, Nordine"]
[Black "Niceto, Pierrick"]
[Result "1-0"]
[WhiteElo "1430"]
[BlackElo "1160"]
[PlyCount "41"]
[EventDate "2013.??.??"]

1. e4 e5 2. f4 Nc6 3. Nf3 Bd6 4. Bc4 Qf6 5. O-O Bc5+ 6. Kh1 exf4 7. c3 Na5 8.
e5 Qg6 9. d4 Nxc4 10. dxc5 d6 11. exd6 cxd6 12. cxd6 Nxd6 13. Bxf4 Ne4 14. Ne5
Qf6 15. Qa4+ Bd7 16. Qxd7+ Kf8 17. Ng4 Qh4 18. Bd6+ Ne7 19. Bxe7+ Kg8 20. Bxh4
Nc5 21. Qxf7# 1-0

[Event "Open de la Loire 2012-2013"]
[Site "Loire"]
[Date "2013.01.19"]
[Round "6.17"]
[White "Schuhmann, Alain"]
[Black "Mialon, Franck"]
[Result "0-1"]
[WhiteElo "1640"]
[BlackElo "1390"]
[PlyCount "68"]
[EventDate "2013.??.??"]

1. e4 e5 2. f4 exf4 3. Nf3 Nf6 4. Nc3 Bc5 5. d4 Bb6 6. Bxf4 O-O 7. Be2 d5 8. e5
Ne4 9. O-O c5 10. Kh1 Bg4 11. Nxe4 dxe4 12. Ng1 Bxe2 13. Nxe2 cxd4 14. Ng3 e3
15. Qd3 f5 16. exf6 Rxf6 17. Ne4 Rg6 18. Qc4+ Kh8 19. Nd6 Rxd6 20. Bxd6 Nd7 21.
Rf7 Rc8 22. Qd3 Qe8 23. Re7 Qh5 24. Rf1 Nf6 25. Be5 e2 26. Re1 Rc5 27. Bxf6
gxf6 28. R1xe2 Rc8 29. Rd7 Qh6 30. g3 f5 31. Qxf5 Rf8 32. Re8 Qc6+ 33. Kg1 d3+
34. Kf1 Qh1# 0-1

[Event "Open de la Loire 2012-2013"]
[Site "Loire"]
[Date "2013.01.19"]
[Round "6.18"]
[White "Legendre, Julien"]
[Black "Allabrune, Guillaume"]
[Result "1-0"]
[WhiteElo "1499"]
[BlackElo "1480"]
[PlyCount "79"]
[EventDate "2013.??.??"]

1. d4 c5 2. c3 Nf6 3. e3 d5 4. f4 e6 5. Bd3 Nc6 6. Nf3 Qc7 7. O-O h6 8. Ne5 g5
9. fxg5 hxg5 10. Rxf6 Nxe5 11. Bb5+ Nc6 12. g3 Bd6 13. Qg4 Rg8 14. Nd2 e5 15.
Qh5 Rg6 16. Rxg6 fxg6 17. Qxg6+ Qf7 18. Bxc6+ bxc6 19. Qxd6 Bd7 20. Qxe5+ Kd8
21. Qh8+ Be8 22. Qe5 Qh5 23. Qf6+ Kc7 24. Qf1 Bg6 25. Qf3 Qh6 26. e4 Rh8 27.
Qg2 dxe4 28. Nf1 cxd4 29. cxd4 Rd8 30. Be3 Bf5 31. Rc1 Qg6 32. a3 Bg4 33. Nd2
Re8 34. Rc4 Rb8 35. b4 a6 36. a4 Bd7 37. Qxe4 Qh5 38. Qe5+ Kd8 39. Qxg5+ Qxg5
40. Bxg5+ 1-0

[Event "Open de la Loire 2012-2013"]
[Site "Loire"]
[Date "2013.01.19"]
[Round "6.19"]
[White "Poyet, Louis"]
[Black "Sabatier, Baptiste"]
[Result "1-0"]
[WhiteElo "1140"]
[BlackElo "1010"]
[PlyCount "35"]
[EventDate "2013.??.??"]

1. e4 e5 2. Nf3 Nc6 3. Bb5 a6 4. Bxc6 dxc6 5. Nxe5 Nf6 6. Nc3 Bb4 7. d3 Bxc3+
8. bxc3 Ng4 9. Nxg4 h5 10. Ne3 Qf6 11. O-O O-O 12. Ba3 Re8 13. Bb2 Qg6 14. Qf3
Rd8 15. Rad1 Bg4 16. Qg3 h4 17. Qxg4 Qxg4 18. Nxg4 1-0

[Event "Open de la Loire 2012-2013"]
[Site "Loire"]
[Date "2013.01.19"]
[Round "6.20"]
[White "Ferreira, Antoine"]
[Black "Choquelle, Jean"]
[Result "1-0"]
[WhiteElo "1099"]
[BlackElo "1180"]
[PlyCount "89"]
[EventDate "2013.??.??"]

1. e4 e5 2. Nf3 Nc6 3. Nc3 Nf6 4. Bb5 Bc5 5. O-O O-O 6. Bxc6 dxc6 7. Na4 Bd6 8.
d4 Nxe4 9. dxe5 Bf5 10. exd6 cxd6 11. b4 b5 12. Bb2 bxa4 13. Qd4 f6 14. Nh4 Qd7
15. f3 Ng5 16. g4 Ne6 17. Qc4 d5 18. Qa6 Bxc2 19. Rac1 Nd4 20. Bxd4 Be4 21.
fxe4 dxe4 22. Rfd1 Qxg4+ 23. Kh1 Qxh4 24. Rd2 Rae8 25. Bf2 Qg5 26. Rcd1 h6 27.
Rg1 Qxd2 28. Qxa7 g5 29. h4 Qxb4 30. hxg5 fxg5 31. Bc5 Qd2 32. Rg2 Qf4 33. Bd4
Qh4+ 34. Rh2 Qe1+ 35. Bg1 Qg3 36. Rxh6 Qf3+ 37. Kh2 Qf4+ 38. Kh1 Rf7 39. Rg6+
Kf8 40. Qc5+ Ree7 41. Qd4 Qf3+ 42. Kh2 Qh5+ 43. Kg3 Qxg6 44. Qd8+ Re8 45. Bc5+
1-0

[Event "Open de la Loire 2012-2013"]
[Site "Loire"]
[Date "2013.02.16"]
[Round "7.1"]
[White "Buisson, Sebastien"]
[Black "Rann, Raphael"]
[Result "1/2-1/2"]
[WhiteElo "1680"]
[BlackElo "1660"]
[PlyCount "45"]
[EventDate "2013.??.??"]

1. e4 c5 2. Nc3 Nc6 3. g3 Nf6 4. Bg2 e6 5. d3 d5 6. Bg5 d4 7. Nce2 Be7 8. f4
Ng4 9. Bxe7 Qxe7 10. Qd2 Ne3 11. Bh3 h5 12. Nf3 h4 13. g4 Bd7 14. c3 e5 15.
fxe5 Nxe5 16. Nxe5 Qxe5 17. cxd4 cxd4 18. Rc1 O-O 19. Qb4 Rac8 20. Kd2 Rxc1 21.
Rxc1 Qxh2 22. Qxd4 Bxg4 23. Qxe3 1/2-1/2